All train stations in Somerset - Statistics

General Stats
  • This quiz has been taken 66 times
    65 since last reset
  • The average score is 11 of 19
Answer Stats
Group Answer % Correct
Bristol-Exeter line Taunton
85%
Bristol-Exeter line Bridgwater
83%
Bristol-Exeter line Weston-super-Mare
83%
Wessex main line Frome
78%
Wessex main line Castle Cary
73%
Wessex main line Bath Spa
63%
Heart of Wessex line Yeovil Pen Mill
63%
West of England line Yeovil Junction
58%
Wessex main line Bruton
55%
Wessex main line Keynsham
55%
Bristol-Exeter line Worle
50%
Bristol-Exeter line Yatton
50%
Bristol-Exeter line Highbridge & Burnham
48%
Bristol-Exeter line Nailsea & Backwell
48%
Bristol-Exeter line Weston Milton
45%
West of England line Templecombe
38%
West of England line Crewkerne
35%
Wessex main line Oldfield Park
33%
Wessex main line Freshford
28%
No matching quizzes found
Score Distribution
Percent of People with Each Score
Percentile by Number Answered
Your Score History
You have not taken this quiz since the last reset